Statistics for "Answer" to Language

Click here to take the quiz!

General Stats

  • This quiz has been taken 49 times
  • The average score is 9 of 16

Answer Stats

Answer in......This language% Correct
AntwoordDutch, afrikaans
98%
AntwortGerman
95%
OdpowiédzPolish
93%
OdpovědCzech, slovak
80%
SvarSwedish, danish, norwegian
70%
SvariđIcelandic
68%
ResponsumLatin
65%
RăspunsRomanian
60%
OdgovorBosnian, croatian, slovene, serbian
58%
Câu trá lóiVietnamese
53%
PërgjigjeAlbanian
50%
VastusEstonian
40%
VastausFinnish
35%
MegoldàsHungarian
35%
BersivKurdish
10%
SagotTagalog
10%

Score Distribution

Percentile by Number Answered

Percent of People with Each Score

Your Score History

You have not taken this quiz